000 00445nam a2200157Ia 4500
008 210210b2002 xxu||||| |||| 00| 0 eng d
020 _a81 87328 19 3
082 _a574.192 NAGT
100 _aNAGINI (S).
245 _aTextbook of biochemistry: molecular and clinical aspects.
260 _aChennai
_bScitech Publications India Pvt Ltd.,
_c2002
300 _a32.8,I.18
650 _aBiochemistry
690 _aBiochemistry
906 _a059248
999 _c106498
_d106498